Normal view
MARC view
Entry Personal Name
001 - CONTROL NUMBER
- control field: 1238219
003 - CONTROL NUMBER IDENTIFIER
- control field: OSt
005 - DATE AND TIME OF LATEST TRANSACTION
- control field: 20260430150704.0
008 - FIXED-LENGTH DATA ELEMENTS
- fixed length control field: 260430|| aca||aabn | a|a d
040 ## - CATALOGING SOURCE
- Original cataloging agency: OSt
- Transcribing agency: OSt
100 ## - HEADING--PERSONAL NAME
- Personal name: Rai Shivani Au.; Yaruingam A.S. Gu
670 ## - SOURCE DATA FOUND
- Source citation: Work cat.: (OSt)1850395: Rai Shivani Au.; Yaruingam A.S. Gu., Role of South Africa Under Brics in Africa: An Analysis, 2024
